FRUITS ZIPPERの東京ドーム歌唱曲 - Statistics

General Stats
  • This quiz has been taken 23 times
  • The average score is 20 of 44
Answer Stats
Answer % Correct
2 君の明るい未来を追いかけて
75%
4 ぴゅあいんざわーるど
75%
13 君と目があったとき
75%
14 かがみ
75%
24 松本 すーぱーかれんたいむ
75%
29 真中 マナカマナカマナ
75%
35 ピポパポ
75%
37 ハピチョコ
75%
38 わたしの一番かわいいところ
75%
39 フルーツバスケット
75%
41 完璧主義で☆
75%
34 NEW KAWAII
75%
1 RADIO GALAXY
75%
5 はちゃめちゃわちゃライフ!
50%
18 好き、お願い
50%
26 月足 月の音
50%
36 さん
50%
43
50%
28 仲川 Chill out
50%
40 JAM
50%
6 KawaiiってMagic
50%
27 櫻井 Spotlight
50%
3 うぇるかむとぅ〜ざ♡ふるっぱー!
25%
8 ハートのローラーコースター
25%
9 キミコイ
25%
10 ずっと、ずっと、ずっと!
25%
12 ふれふるサマー!
25%
15 松本・櫻井 大きくなったら何になる?
25%
17 世界はキミからはじまる
25%
19 スターライト・ヴァルキリー
25%
23 早瀬 末っ子パラドックス
25%
25 鎮西 ぱーすとめいみー
25%
32 ふるっぱーりー!
25%
42 成長期なので。
25%
16 BABY I LOVED
25%
30 CO-個性
25%
21 Re→TRY&FRY
25%
44 超めでたいソング〜こんなに幸せでいいのかな?〜
25%
22 鎮西・早瀬 Midnight in my head
25%
33 仲川・月足・真中 Round and Round
25%
11 skyfeelan
25%
7 Sugarless GiRL
25%
20 We are Frontier
25%
31 Going!
0%
No matching quizzes found
Score Distribution
Percent of People with Each Score
Percentile by Number Answered
Your Score History
You have not taken this quiz